00728cam a22002531 4500001001300000003000400013005001700017008004100034010001700075035002000092040001800112042001200130043001200142050001900154100002400173245005400197260001100251300004200262500001400304504003800318600005700356650004400413999001700457sa 63002618 DLC20260227111935.0890601s1962 ii c b 000 0 hino  asa 63002618  a(OCoLC)19795039 aDLCcWaUdDLC apremarc aa-ii---00aPK2916.J33bG81 aGupta, Prem Swarup.10aRasagaṅgādhara kā śāstrīya adhyayana. c[1962] a3, 3, 13, 7, 351, 7 p.bport.c25 cm. aIn Hindi. aBibliography: p. 1-7 (last group)00aJagannātha Paṇḍitarāja.tRasagaṅgādhara. 0aSanskrit poetryxHistory and criticism. c54560d54560